[Event "Chess.com Classic Play In"]
[Site "Chess.com INT"]
[Date "2024.05.08"]
[Round "8"]
[White "Dominguez Perez, Leinier"]
[Black "Kozak, Adam"]
[Result "1/2-1/2"]
[WhiteElo "2748"]
[BlackElo "2607"]
[PlyCount "152"]
[EventDate "2024.05.08"]
[EventType "swiss (rapid)"]
[EventRounds "9"]
[EventCountry "USA"]
[SourceTitle "CB20_2024"]
[SourceDate "2024.05.16"]
[SourceVersion "1"]
[SourceVersionDate "2024.05.16"]
[SourceQuality "1"]

1. e4 e5 2. Nf3 Nc6 3. Bb5 a6 4. Ba4 Nf6 5. 0-0 Be7 6. d3 b5 7. Bb3 d6 8. c3 0-0 9. h3 Na5 10. Bc2 c5 11. d4 Qc7 12. d5 Nb7 13. b3 Nd8 14. a4 Rb8 15. Qe2 Ne8 16. Bd3 Bd7 17. axb5 axb5 18. Be3 f6 19. Nbd2 Nf7 20. Kh2 g6 21. g4 Ng7 22. Rg1 Qb7 23. Nf1 Ra8 24. Ng3 Rfb8 25. Rab1 Kh8 26. Rg2 Ra3 27. Bc2 Ra2 28. Rbg1 Rba8 29. Ne1 Qc8 30. f4 exf4 31. Bxf4 Ne5 32. Nf5 Qe8 33. Nh4 c4 34. b4 Nd3 35. Bg3 Nxe1 36. Qxe1 Rb2 37. Nf3 Qf8 38. Rf1 Bd8 39. Nd4 Qe7 40. Bf4 Bb6 41. Qg3 Ne8 42. Rgf2 Raa2 43. Qg2 Kg8 44. g5 f5 45. exf5 Bxd4 46. f6 Bxf2 47. fxe7 Rxc2 48. Kh1 Be3 49. Qe4 Bxf4 50. Qxf4 Rh2+ 51. Qxh2 Rxh2+ 52. Kxh2 Bf5 53. Ra1 Kf7 54. Ra7 Be4 55. Rb7 Bxd5 56. Rxb5 Bc6 57. Rb6 Bd7 58. Kg3 Kxe7 59. Kf4 Nc7 60. Ke4 Bxh3 61. Kd4 Be6 62. Rb8 Kd7 63. b5 Bf7 64. b6 Ne6+ 65. Kxc4 Kc6 66. Kb4 Nc5 67. Ka5 Bc4 68. Rc8+ Kb7 69. Rc7+ Kb8 70. Rxh7 Bd3 71. Rg7 Ne6 72. Re7 Nxg5 73. Re8+ Kb7 74. Re7+ Kb8 75. Re8+ Kb7 76. Re7+ Kb8 1/2-1/2

[Event "Chess.com Classic Play In"]
[Site "Chess.com INT"]
[Date "2024.05.08"]
[Round "4"]
[White "Niemann, Hans Moke"]
[Black "Dominguez Perez, Leinier"]
[Result "1/2-1/2"]
[WhiteElo "2689"]
[BlackElo "2748"]
[PlyCount "150"]
[EventDate "2024.05.08"]
[EventType "swiss (rapid)"]
[EventRounds "9"]
[EventCountry "USA"]
[SourceTitle "CB20_2024"]
[SourceDate "2024.05.16"]
[SourceVersion "1"]
[SourceVersionDate "2024.05.16"]
[SourceQuality "1"]

1. e4 e5 2. Nf3 Nc6 3. Bc4 Bc5 4. d3 Nf6 5. 0-0 d6 6. c3 a5 7. Re1 Ba7 8. Nbd2 0-0 9. Nf1 Ne7 10. h3 Ng6 11. Bb3 c6 12. Ng3 h6 13. d4 Re8 14. Be3 Qc7 15. Qd2 Kh7 16. Rad1 Be6 17. Bxe6 Rxe6 18. Qc1 d5 19. dxe5 Nxe4 20. Bxa7 Nxg3 21. Bd4 Ne4 22. c4 Qe7 23. g3 Re8 24. h4 Kg8 25. Qc2 b5 26. cxd5 cxd5 27. Qb3 Qb7 28. a4 Rb8 29. Rc1 Ne7 30. axb5 Qxb5 31. Qxb5 Rxb5 32. Rc7 Rb4 33. Bc3 Nxc3 34. bxc3 Rc4 35. Rxc4 dxc4 36. Ra1 Ra6 37. Ra4 Nd5 38. Nd4 Nxc3 39. Rxc4 Nd5 40. Rc5 Ne7 41. Rc7 Ng6 42. f4 a4 43. Rc2 a3 44. Ra2 Ne7 45. Nc2 Rc6 46. Nxa3 Ra6 47. Ra1 Nf5 48. Kf2 h5 49. Nc2 Rc6 50. Ne3 Nxe3 51. Kxe3 Rc3+ 52. Kf2 Rc2+ 53. Kf3 Rc3+ 54. Kg2 g6 55. Re1 Kg7 56. Kf2 Ra3 57. Re3 Ra1 58. Kf3 Ra4 59. g4 hxg4+ 60. Kxg4 Ra1 61. Rg3 Kh6 62. Rd3 Rg1+ 63. Kf3 Rf1+ 64. Kg3 Kg7 65. Rd7 Kf8 66. Rd2 Kg7 67. Rh2 Kh6 68. Ra2 Kg7 69. Ra7 Kf8 70. Rb7 Rg1+ 71. Kf3 Rh1 72. Rb8+ Kg7 73. Rb7 Kf8 74. Kg4 Rg1+ 75. Kf3 Rh1 1/2-1/2

[Event "Titled Tuesday intern op 30th Apr Early"]
[Site "Chess.com INT"]
[Date "2024.04.30"]
[Round "7"]
[White "Dominguez Perez, Leinier"]
[Black "Haug, Havard"]
[Result "1-0"]
[WhiteElo "2748"]
[BlackElo "2334"]
[PlyCount "131"]
[EventDate "2024.04.30"]
[EventType "swiss (blitz)"]
[EventRounds "11"]
[EventCountry "USA"]
[SourceTitle "CB19_2024"]
[SourceDate "2024.05.08"]
[SourceVersion "1"]
[SourceVersionDate "2024.05.08"]
[SourceQuality "1"]

1. e4 c6 2. d4 d5 3. e5 c5 4. dxc5 e6 5. Bd3 Nd7 6. Nf3 Qc7 7. 0-0 Bxc5 8. c4 Ne7 9. Nc3 dxc4 10. Bxc4 Bxf2+ 11. Rxf2 Qxc4 12. Bg5 Ng6 13. Qd6 Qc6 14. Qa3 Qa6 15. Qb4 Qb6 16. Nb5 Nc5 17. Be3 Na6 18. Nd6+ Kd7 19. Qe4 Qc6 20. Qg4 f6 21. Rc1 Qd5 22. Rd2 Nc7 23. Rxd5 Nxd5 24. Qa4+ Ke7 25. Bd4 Bd7 26. Qa3 Rhb8 27. h4 f5 28. h5 Ngf4 29. Nxf5+ Kf7 30. Nd6+ Kg8 31. Kh2 Bc6 32. Be3 Nxh5 33. Ng5 Rf8 34. Qd3 g6 35. Nxe6 Nhf4 36. Nxf4 Nxf4 37. Bxf4 Rxf4 38. Rxc6 bxc6 39. e6 Rf6 40. e7 Re6 41. e8Q+ Raxe8 42. Nxe8 Rxe8 43. Qc4+ Re6 44. Qxe6+ Kg7 45. Qxc6 Kh6 46. Qb7 Kg5 47. Qxa7 h5 48. Qb6 Kh4 49. Qd4+ Kg5 50. g3 Kh6 51. a4 g5 52. a5 h4 53. Qf6+ Kh5 54. gxh4 Kxh4 55. Qh6+ Kg4 56. a6 Kf4 57. a7 Kf3 58. a8Q+ Ke2 59. Qe4+ Kd1 60. Qd6+ Kc1 61. Qc4+ Kb1 62. Qdd3+ Ka1 63. b4 g4 64. Qdc3+ Kb1 65. Qc2+ Ka1 66. Q4c3# 1-0

[Event "Titled Tuesday intern op 30th Apr Early"]
[Site "Chess.com INT"]
[Date "2024.04.30"]
[Round "8"]
[White "Sarana, Alexey"]
[Black "Dominguez Perez, Leinier"]
[Result "1-0"]
[WhiteElo "2703"]
[BlackElo "2748"]
[PlyCount "73"]
[EventDate "2024.04.30"]
[EventType "swiss (blitz)"]
[EventRounds "11"]
[EventCountry "USA"]
[SourceTitle "CB19_2024"]
[SourceDate "2024.05.08"]
[SourceVersion "1"]
[SourceVersionDate "2024.05.08"]
[SourceQuality "1"]

1. d4 Nf6 2. c4 e6 3. Nc3 Bb4 4. e3 0-0 5. Bd3 d5 6. a3 Bxc3+ 7. bxc3 dxc4 8. Bxc4 c5 9. Ne2 Qc7 10. Bd3 Nc6 11. 0-0 e5 12. Ng3 Be6 13. f4 exd4 14. cxd4 Rad8 15. h3 a6 16. Bb2 h6 17. dxc5 Qe7 18. Qe2 Rfe8 19. Rae1 Bc8 20. Bb1 Rd5 21. e4 Qxc5+ 22. Kh2 Nd4 23. Qf2 Rdd8 24. e5 Nh7 25. Ne4 Qd5 26. Nd6 Ne6 27. Nxe8 Rxe8 28. Rd1 Qb3 29. Rd3 Qb5 30. Rg3 Nef8 31. f5 Qc4 32. e6 f6 33. Rc1 Qa4 34. Rc7 Ng5 35. Rg4 Qa5 36. Qg3 h5 37. Rxg5 1-0

[Event "Titled Tuesday intern op 30th Apr Early"]
[Site "Chess.com INT"]
[Date "2024.04.30"]
[Round "10"]
[White "Weishaeutel, Moritz"]
[Black "Dominguez Perez, Leinier"]
[Result "1-0"]
[WhiteElo "2379"]
[BlackElo "2748"]
[PlyCount "93"]
[EventDate "2024.04.30"]
[EventType "swiss (blitz)"]
[EventRounds "11"]
[EventCountry "USA"]
[SourceTitle "CB19_2024"]
[SourceDate "2024.05.08"]
[SourceVersion "1"]
[SourceVersionDate "2024.05.08"]
[SourceQuality "1"]

1. e4 c5 2. d4 cxd4 3. c3 Nf6 4. e5 Nd5 5. Nf3 d6 6. Bc4 dxe5 7. Nxe5 e6 8. Qxd4 Nc6 9. Nxc6 bxc6 10. 0-0 Qb6 11. Qg4 h5 12. Qf3 Bb7 13. Nd2 c5 14. Ne4 Be7 15. Rb1 Qc7 16. Bg5 Bxg5 17. Nxg5 Nf4 18. Ne4 0-0-0 19. Qe3 h4 20. f3 Rh5 21. Rfd1 Bd5 22. Ba6+ Kb8 23. c4 h3 24. cxd5 exd5 25. g3 Ne6 26. Nf2 Qb6 27. Bf1 Ka8 28. Nxh3 Nd4 29. Nf4 Re5 30. Qf2 Rf5 31. Bd3 Rf6 32. Bf1 g5 33. b4 gxf4 34. bxc5 fxg3 35. Qxd4 gxh2+ 36. Kh1 Qe6 37. Qb4 Qc6 38. Bb5 Qc7 39. Rxd5 Rg8 40. Rg5 Rfg6 41. Rxg6 Rxg6 42. Bc6+ Rxc6 43. Qe4 a6 44. Qe8+ Ka7 45. Qe4 Rxc5 46. Qe3 Ka8 47. Qe4+ 1-0

[Event "Titled Tuesday intern op 23rd Apr Late"]
[Site "Chess.com INT"]
[Date "2024.04.23"]
[Round "2"]
[White "Reinecke, Katharina"]
[Black "Dominguez Perez, Leinier"]
[Result "0-1"]
[WhiteElo "1962"]
[BlackElo "2748"]
[PlyCount "86"]
[EventDate "2024.04.23"]
[EventType "swiss (blitz)"]
[EventRounds "11"]
[EventCountry "USA"]
[SourceTitle "CB18_2024"]
[SourceDate "2024.05.01"]
[SourceVersion "1"]
[SourceVersionDate "2024.05.01"]
[SourceQuality "2"]

1. e4 c5 2. Nf3 d6 3. Bb5+ Nd7 4. 0-0 a6 5. Bd3 Ngf6 6. c3 b5 7. Bc2 Bb7 8. Re1 c4 9. b3 e6 10. d3 cxd3 11. Qxd3 Be7 12. Bb2 0-0 13. Qe2 Rc8 14. Nbd2 Qc7 15. Rac1 Rfe8 16. c4 b4 17. Nf1 e5 18. h3 Qb8 19. N3h2 Bd8 20. Kh1 Bb6 21. f3 Nc5 22. Ne3 Ne6 23. Nd5 Bxd5 24. exd5 Nh5 25. Nf1 Nd4 26. Bxd4 Bxd4 27. Rcd1 g6 28. Kh2 Qb6 29. Ne3 Qd8 30. Qf2 f5 31. g4 fxg4 32. hxg4 Nf4 33. Rxd4 exd4 34. Ng2 Qf6 35. Kg3 Nxg2 36. Kxg2 Re5 37. Rf1 Rce8 38. Qg3 Re2+ 39. Rf2 Rxf2+ 40. Qxf2 Re3 41. Be4 Qf4 42. Kg1 Rc3 43. Kg2 d3 0-1